[Event "22nd Hampstead: Under 2200"]
[Site "London, England"]
[Date "2014.10.26"]
[Round "4"]
[White "Pollack, Oscar"]
[Black "Wen, Jackson"]
[Result "1-0"]
[WhiteElo "1774"]
[BlackElo "1703"]

1. Nf3 b6 2. g3 Bb7 3. Bg2 e6 4. O-O Nf6 5. c4 c5 6. b3 Nc6 7. Bb2 Qc7 8. d4
d5 9. cxd5 exd5 10. Nc3 O-O-O 11. Rc1 Kb8 12. dxc5 Bxc5 13. Nb5 Qe7 14. Nfd4
a6 15. Nxc6+ Bxc6 16. Nd4 Bb7 17. e3 h5 18. h3 Qd7 19. a3 Bxd4 20. Qxd4 Qe6
21. Qe5+ Ka7 22. Qxe6 fxe6 23. Rc7 Rhg8 24. Rxg7 Rxg7 25. Bxf6 Rgd7 26. Bxd8
Rxd8 27. Rc1 Kb8 28. h4 d4 29. Bxb7 Kxb7 30. e4 b5 31. f4 d3 32. Kf2 Kb6 33.
b4 a5 34. Ke3 d2 35. Rd1 Rg8 36. Kf3 Rd8 37. f5 e5 38. Ke3 Rg8 39. bxa5+ Kc6
40. Kxd2 Rxg3 41. Rc1+ Kd6 42. Rc3 Rg4 43. Rd3+ Kc6 44. Rf3 Kd7 45. Ke3 Ke7
46. a6 Kf6 47. Rh3 Rg2 48. a7 Rg8 49. Kd2 Ra8 50. Rb3 Rxa7 51. Rxb5 Rxa3 52.
Rb6+ Kg7 53. Rg6+ Kh7 54. Rg5 Ra4 55. Kd3 Rd4+ 56. Ke3 Rd6 57. Rxh5+ Kg7 58.
Rg5+ Kh6 59. Rg6+ Rxg6 60. fxg6 Kxg6 61. Kf3 Kh5 62. Kg3 Kh6 63. Kg4 Kg6 64.
h5+ Kf6 65. Kh4 Ke6 66. Kg5 Kf7 67. h6 Kg8 68. Kf6 {#r} 1-0

[Event "22nd Hampstead: Under 2200"]
[Site "London, England"]
[Date "2014.10.26"]
[Round "4"]
[White "Woltery, Nicolai"]
[Black "Gelain-Sohn, Elias"]
[Result "1-0"]
[WhiteElo "1755"]
[BlackElo "1412"]

1. d4 Nf6 2. c4 g6 3. Nc3 Bg7 4. e4 d6 5. Be3 O-O 6. f3 Nbd7 7. Qd2 e5 8. d5
Nb6 9. g4 Ne8 10. O-O-O c6 11. h4 cxd5 12. Nxd5 Be6 13. Kb1 Nxd5 14. cxd5 Bd7
15. h5 Qe7 16. hxg6 fxg6 17. Qh2 Nf6 18. Bg5 Bh8 19. Qh4 Rf7 20. Nh3 Rc8 21.
Bd3 Qf8 22. Bh6 Bg7 23. Ng5 Re7 24. Bxg7 Qxg7 25. Rh2 Rf8 26. Rc1 Rc8 27.
Rxc8+ Bxc8 28. Rc2 Re8 29. Bb5 Rf8 30. Rd2 Rd8 31. Nxh7 Kf7 32. Ng5+ Kg8 33.
Rc2 a6 34. Bc4 Kf8 35. Ne6+ Bxe6 36. dxe6 Rc8 37. Bd5 Rxc2 38. Kxc2 Qc7+ 39.
Kb1 Nxd5 40. exd5 Qc5 41. Qh8+ Ke7 42. Qg7+ {#r} 1-0

[Event "22nd Hampstead: Under 2200"]
[Site "London, England"]
[Date "2014.10.26"]
[Round "4"]
[White "Pepe, Salvatore"]
[Black "Gribben, Chris"]
[Result "1/2-1/2"]
[WhiteElo "1694"]
[BlackElo "1586"]

1. d4 d5 2. Nf3 Nf6 3. c4 e6 4. Nc3 dxc4 5. e3 a6 6. Bxc4 b5 7. Be2 Bb7 8. O-O
Be7 9. a4 b4 10. Na2 a5 11. Ne5 O-O 12. Bf3 Bxf3 13. Qxf3 Nbd7 14. Rd1 Qc8 15.
Nc6 Re8 16. e4 Nb6 17. b3 Qb7 18. Nxe7+ Rxe7 19. Bg5 Rd7 20. Bxf6 gxf6 21.
Rac1 Rad8 22. Qe3 Nc8 23. Rc5 Qb6 24. d5 Ne7 25. Rdc1 c6 26. Qf3 cxd5 27. Qxf6
dxe4 28. Rg5+ Ng6 29. h4 Kf8 30. h5 Rd1+ 31. Rxd1 Rxd1+ 32. Kh2 Qd6+ 33. g3
Qe7 34. Qxe7+ Nxe7 35. Rxa5 Ra1 36. Nxb4 Rb1 37. Re5 Rxb3 38. Rxe4 Ra3 39. Na6
Nd5 40. Nc5 Ke7 41. Nb7 Ra2 42. Kg2 Nc3 43. Rc4 Nxa4 44. Rc7+ Ke8 45. Nd6+ Kf8
46. Rxf7+ Kg8 47. h6 Nc5 48. Rg7+ Kf8 49. Rxh7 Rd2 50. Rf7+ Kg8 51. Rg7+ Kf8
52. Rc7 Kg8 53. Ne8 Ne4 54. Rg7+ Kh8 55. Rf7 Ng5 56. Rg7 Ne4 57. Kf3 Rd8 58.
Kxe4 Rxe8 59. f4 e5 60. f5 Rf8 61. Kxe5 Rxf5+ 62. Ke6 Rf6+ 63. Ke7 Rxh6 64.
Rg5 Ra6 65. g4 Ra7+ 66. Kf6 Ra6+ 67. Kf7 Ra7+ 68. Kg6 Rg7+ 69. Kf6 Rxg5 70.
Kxg5 Kg7 {#d} 1/2-1/2

[Event "22nd Hampstead: Under 2200"]
[Site "London, England"]
[Date "2014.10.26"]
[Round "4"]
[White "Rajesh, Gorak"]
[Black "Bishop, Geoffrey L"]
[Result "0-1"]
[WhiteElo "1529"]
[BlackElo "1804"]

1. e4 Nf6 2. e5 Nd5 3. c4 Nb6 4. d4 d6 5. exd6 cxd6 6. b3 g6 7. Be2 Bg7 8. Nc3
Nc6 9. Be3 O-O 10. h4 e5 11. d5 Nd4 12. h5 g5 13. h6 Bh8 14. Rh5 f6 15. Bd3
Bf5 16. Bxd4 Bxd3 17. Bxb6 axb6 18. Qxd3 Qe8 19. g4 e4 20. Qxe4 Qf7 21. Qf5
Rfe8+ 22. Nge2 Re5 23. Qf3 Rae8 24. Rd1 Qg6 25. Rh1 f5 26. gxf5 Rxf5 27. Qd3
Qf7 28. Kd2 Rf3 29. Qc2 Bxc3+ 30. Nxc3 Rxf2+ 31. Kc1 Rxc2+ 32. Kxc2 Qf5+ 33.
Kb2 Qf2+ 34. Kb1 Re3 35. Rdf1 Qd2 36. Rhg1 Rxc3 37. Rf6 Rc2 38. Rgf1 Rb2+ {#R}
0-1

[Event "22nd Hampstead: Under 2200"]
[Site "London, England"]
[Date "2014.10.26"]
[Round "4"]
[White "Gelain-Sohn, Emmanuelle"]
[Black "Ivanov, Elizabeth"]
[Result "1-0"]
[WhiteElo "1285"]
[BlackElo "1589"]

1. d4 d5 2. c4 c6 3. Nf3 Nf6 4. Nc3 e6 5. Bf4 Bb4 6. e3 Ne4 7. Qc2 Qa5 8. Rc1
Qxa2 9. Bd3 Bxc3+ 10. bxc3 Qxc2 11. Rxc2 Nf6 12. O-O h6 13. c5 Nbd7 14. Bd6
Kd8 15. Ne5 Nxe5 16. dxe5 Ne8 17. e4 Nxd6 18. exd6 dxe4 19. Bxe4 f5 20. Bd3 e5
21. f3 Be6 22. Re1 e4 23. fxe4 f4 24. Rf2 g5 25. g3 fxg3 26. hxg3 Kd7 27. e5
Raf8 28. Ref1 Rxf2 29. Rxf2 b5 30. Bf5 Bxf5 31. Rxf5 Rh7 32. Rf6 a5 33. e6+
Ke8 34. e7 Rh8 35. g4 a4 36. Kf2 a3 37. Ke3 a2 38. Rf1 a1=Q 39. Rxa1 Kd7 40.
Rf1 {#r} 1-0

[Event "London, England"]
[Site "London, England"]
[Date "2014.10.26"]
[Round "4"]
[White "Misyura, Ilya"]
[Black "Goldberg, Jacob"]
[Result "1/2-1/2"]
[WhiteElo "1666"]
[BlackElo "1457"]

1. d4 Nf6 2. c4 g6 3. Nc3 Bg7 4. e4 d6 5. Nf3 Bg4 6. Be2 O-O 7. h3 Bxf3 8.
Bxf3 c6 9. O-O Nbd7 10. Be3 Re8 11. Qd2 e5 12. d5 cxd5 13. Nxd5 Nxd5 14. Qxd5
Qc7 15. Rac1 Nf6 16. Qd3 b6 17. Rfd1 Red8 18. Bd2 Rac8 19. Bb4 Bf8 20. Bd2 Bg7
21. h4 h6 22. Be2 Qc6 23. f3 Qc7 24. Be3 Qc6 25. Qd2 Kh7 26. Rc3 Rd7 27. g4
Ne8 28. g5 h5 29. Bf1 Rdc7 30. Qc2 Rd8 31. c5 Qb7 32. cxd6 Rxc3 33. Qxc3 Rxd6
{#d} 1/2-1/2

[Event "22nd Hampstead: Under 2200"]
[Site "London, England"]
[Date "2014.10.26"]
[Round "4"]
[White "Desai, Nilomi"]
[Black "Silverman, Clifford"]
[Result "0-1"]
[WhiteElo "1405"]
[BlackElo "1585"]

1. d4 d5 2. c4 c6 3. Nc3 Bf5 4. Nf3 e6 5. g3 Be7 6. Bg2 Nf6 7. O-O h6 8. Qb3
b6 9. Re1 O-O 10. Ne5 Bd6 11. Bf4 Qc7 12. e4 dxe4 13. Nxe4 Nxe4 14. Bxe4 Bxe4
15. Rxe4 Na6 16. Rd1 c5 17. d5 Rfe8 18. a3 Re7 19. Nc6 Ree8 20. Bxd6 Qxd6 21.
Qe3 Nc7 22. dxe6 Qxd1+ 23. Kg2 Nxe6 24. h4 Qd6 25. Ne5 Rad8 26. Qf3 Re7 27.
Qh5 Rde8 28. f4 Qd2+ 29. Kh3 Qxb2 30. Re3 Qd4 31. Re2 Nxf4+ 32. gxf4 Qxf4 33.
Qf3 Qxf3+ 34. Nxf3 Rxe2 35. Kg3 Rc2 36. h5 Rxc4 37. Kf2 Rc2+ 38. Kg3 Re3 39.
Kf4 Rxf3+ 40. Kxf3 Rc3+ 41. Ke4 Rxa3 42. Kd5 Ra4 43. Kc6 c4 44. Kb5 Ra5+ 45.
Kxc4 Re5 46. Kb4 f5 47. Kc4 b5+ 48. Kd4 Re4+ 49. Kd5 b4 50. Kc5 b3 {#R} 0-1

[Event "22nd Hampstead: Under 2200"]
[Site "London, England"]
[Date "2014.10.26"]
[Round "4"]
[White "Isaksen, Peter A"]
[Black "Klingher, Cameron"]
[Result "1-0"]
[WhiteElo "1540"]
[BlackElo "1405"]

1. e4 e6 2. d4 d5 3. exd5 exd5 4. Nc3 Nf6 5. Nf3 Bb4 6. Bd2 Nc6 7. Bb5 Bd7 8.
O-O O-O 9. a3 Ba5 10. Ne2 Bxd2 11. Qxd2 Ne4 12. Qd3 Qf6 13. c4 Be6 14. Bxc6
bxc6 15. Rac1 Rac8 16. b4 Bf5 17. Qb3 dxc4 18. Qxc4 Rfe8 19. Rfe1 Bg4 20. Qd3
Rcd8 21. h3 Bxf3 22. Qxf3 Qh4 23. Rxc6 Nd2 24. Qd3 Re4 25. Qxd2 f5 26. Rxc7
Rde8 27. Qa2+ Kh8 28. Qf7 Qh6 29. Kf1 f4 30. f3 Re3 31. d5 Qg5 32. d6 Rxe2 33.
Rxe2 Rd8 34. Re8+ Rxe8 35. Qxe8# 1-0

[Event "22nd Hampstead: Under 2200"]
[Site "London, England"]
[Date "2014.10.26"]
[Round "4"]
[White "Tombolis, Christopher"]
[Black "Mospan, Edward"]
[Result "1-0"]
[WhiteElo "1487"]
[BlackElo "1268"]

1. d4 Nf6 2. c4 g6 3. Nc3 Bg7 4. e4 d6 5. Nf3 O-O 6. Be2 a6 7. O-O Bd7 8. h3
c6 9. Be3 Re8 10. Qd2 Qc7 11. Bh6 b5 12. cxb5 axb5 13. Bxg7 Kxg7 14. a3 Rh8
15. Rac1 Qb6 16. Qf4 Nh5 17. Qe3 Nf6 18. e5 Nd5 19. Nxd5 cxd5 20. Qf4 Bf5 21.
Qh4 Qb7 22. Rfe1 Nc6 23. Red1 Rae8 24. Bd3 Bxd3 25. Rxd3 dxe5 26. dxe5 f6 27.
exf6+ exf6 28. Rxd5 Ne7 29. Rdc5 Rc8 30. Qb4 Rxc5 31. Rxc5 Rc8 32. Rxc8 Nxc8
33. a4 Na7 34. Nd4 Qd7 35. Nxb5 Qd1+ 36. Kh2 Nc6 37. Qd6 Qc2 38. Qc7+ Kh6 39.
Na7 Qxa4 40. Nxc6 Qb3 41. Qb8 Qc2 42. Qf8+ Kg5 43. h4+ Kxh4 44. Qh6+ Kg4 45.
f3+ Kf5 46. Nd4+ {#r} 1-0

[Event "22nd Hampstead: Under 2200"]
[Site "London, England"]
[Date "2014.10.26"]
[Round "4"]
[White "Hsu, Avril Chloe"]
[Black "Potel, Zachary"]
[Result "0-1"]
[WhiteElo "955"]
[BlackElo "1412"]

1. e4 e5 2. Nf3 Nf6 3. Nc3 Nc6 4. Bc4 Nxe4 5. d3 Nxc3 6. bxc3 d5 7. Bb5 Bd7 8.
Nxe5 Nxe5 9. Bxd7+ Nxd7 10. Bf4 Be7 11. O-O O-O 12. Qg4 Nf6 13. Qg3 Nh5 14.
Qf3 Nxf4 15. Qxf4 Bf6 16. Rfd1 Bxc3 17. Rab1 b6 18. Qa4 d4 19. Rb5 Qd7 20. g3
a6 21. Qb3 Qxb5 22. Qa3 h6 23. h4 Rfe8 24. Rc1 Bb2 25. Qb3 Qxb3 26. cxb3 Bxc1
27. Kg2 a5 28. Kf1 a4 29. bxa4 Rxa4 30. g4 Rxa2 31. g5 Be3 32. f3 Rb2 33. Ke1
Ra8 34. Kd1 Ra1# 0-1

[Event "22nd Hampstead: Under 2200"]
[Site "London, England"]
[Date "2014.10.26"]
[Round "4"]
[White "Covey, Jason"]
[Black "Vanguelova, Ralitza"]
[Result "1-0"]
[WhiteElo "1547"]
[BlackElo "1270"]

1. e4 e5 2. Nf3 Nc6 3. Nc3 Nf6 4. d4 exd4 5. Nxd4 Bb4 6. Nxc6 bxc6 7. Bd3 d5
8. exd5 cxd5 9. Bd2 d4 10. Ne4 Bxd2+ 11. Qxd2 O-O 12. O-O-O Bb7 13. Rhe1 Re8
14. Nxf6+ Qxf6 15. f3 h6 16. Qb4 Bd5 17. Be4 Rab8 18. Qxd4 Qxd4 19. Rxd4 Bxa2
20. Ra4 Bd5 21. Rxa7 c5 22. Ra5 Rbc8 23. Kd2 Bxe4 24. Rxe4 Rcd8+ 25. Ke3 Rxe4+
26. fxe4 c4 27. Ra4 Rc8 28. Kd4 g6 29. Rxc4 Rxc4+ 30. Kxc4 f5 31. exf5 gxf5
32. Kd5 Kg7 33. b4 Kg6 34. b5 f4 35. Ke4 Kg5 36. b6 h5 37. b7 Kf6 38. b8=Q Ke7
39. Qb6 h4 40. Ke5 Kd7 41. Qb7+ Kd8 42. Ke6 h3 43. Qb8# 1-0

[Event "22nd Hampstead: Under 2200"]
[Site "London, England"]
[Date "2014.10.26"]
[Round "5"]
[White "Briggs, John Nicholas"]
[Black "Villiers, Tom"]
[Result "1/2-1/2"]
[WhiteElo "1955"]
[BlackElo "2050"]

1. Nf3 d5 2. d4 e6 3. g3 Nf6 4. Bg2 b5 5. O-O Nbd7 6. b3 b4 7. a3 c5 8. dxc5
Bxc5 9. axb4 Bxb4 10. Ba3 Qb6 11. Bxb4 Qxb4 12. Qd4 Qc5 13. c4 Bb7 14. cxd5
Bxd5 15. Nbd2 O-O 16. Rfc1 Qb6 17. Qxb6 axb6 18. Nd4 Ne5 19. Bxd5 Nxd5 20. Nc4
Nd7 21. Kf1 Nc5 22. Rxa8 Rxa8 23. Nxb6 Nxb3 24. Nxb3 Nxb6 25. Rc7 {#d} 1/2-1/2

[Event "22nd Hampstead: Under 2200"]
[Site "London, England"]
[Date "2014.10.26"]
[Round "5"]
[White "Rogers, Tim L"]
[Black "Jekel, Wolfgang"]
[Result "1-0"]
[WhiteElo "2035"]
[BlackElo "1812"]

1. e4 d5 2. exd5 Qxd5 3. Nc3 Qd6 4. Nf3 c6 5. h3 Nf6 6. Bc4 Bf5 7. d3 e6 8.
Nh4 Bg6 9. Nxg6 hxg6 10. Qf3 Qc7 11. Ne4 Nxe4 12. dxe4 Nd7 13. Qc3 Qe5 14.
Qxe5 Nxe5 15. Be2 O-O-O 16. Be3 Kc7 17. f4 Nd7 18. O-O-O Be7 19. Rd2 b6 20.
Rhd1 Bc5 21. Bxc5 Nxc5 22. Bf3 Rxd2 23. Rxd2 Rd8 24. b4 Rxd2 25. Kxd2 Nd7 26.
Kd3 c5 27. a3 Kc6 28. e5+ Kb5 29. c4+ Ka6 30. Bc6 Nf8 31. h4 cxb4 32. axb4 b5
33. Bxb5+ Kb6 34. Kd4 a6 35. Be8 f6 36. g4 f5 37. gxf5 gxf5 38. h5 Nh7 39. Bd7
Nf8 40. Bc8 a5 41. bxa5+ Kc7 42. Ba6 Nd7 43. Bb5 Nf8 44. Be8 Kd8 45. a6 Kc7
46. Kc5 {#r} 1-0

[Event "22nd Hampstead: Under 2200"]
[Site "London, England"]
[Date "2014.10.26"]
[Round "5"]
[White "Prior, Stephen CV"]
[Black "Landau, Jonathan"]
[Result "0-1"]
[WhiteElo "2028"]
[BlackElo "1945"]

1. e4 e5 2. Nf3 Nc6 3. Bb5 f5 4. d3 fxe4 5. dxe4 Nf6 6. O-O Bc5 7. Qd3 d6 8.
Nc3 O-O 9. Bxc6 bxc6 10. Nxe5 Qe8 11. Nf3 a5 12. Re1 Ba6 13. Qd1 Ng4 14. Be3
Qh5 15. h3 Nxe3 16. fxe3 Rf6 17. Nd4 Qg5 18. Nf5 Raf8 19. h4 Qf4 20. Kh1 Bxe3
21. g3 Qf2 22. Nxe3 Qxg3 23. Qg4 Qf2 24. Nf5 R8f7 25. h5 Qxc2 26. Rg1 Rxf5 27.
exf5 c5 28. Qg2 Qxf5 29. Qg4 Bb7+ 30. Kh2 Qf2+ 31. Kh3 Rf3+ 32. Rg3 Rxg3+ 33.
Qxg3 Bc8+ 34. Kh4 Qd4+ 35. Kg5 Qf6# 0-1

[Event "22nd Hampstead: Under 2200"]
[Site "London, England"]
[Date "2014.10.26"]
[Round "5"]
[White "Pattni, Kishan"]
[Black "Willmoth, Robert"]
[Result "0-1"]
[WhiteElo "1696"]
[BlackElo "2176"]

1. Nf3 d6 2. d4 Bg4 3. e4 Nf6 4. Bd3 Nbd7 5. c4 e5 6. d5 Nc5 7. Nc3 a5 8. h3
Bd7 9. Be3 b6 10. g4 g6 11. Bc2 Bg7 12. Qd2 h6 13. O-O-O Nxg4 14. Bxc5 bxc5
15. hxg4 Bxg4 16. Ba4+ Kf8 17. Qe2 h5 18. Rdg1 Qf6 19. Bd1 Bh6+ 20. Kb1 Qf4
21. a3 Rb8 22. Na4 Kg7 23. Qd3 Rb7 24. Rg3 Rhb8 25. Bc2 Bd7 26. Qc3 h4 27.
Nxh4 Bxa4 28. Nf5+ Kf6 29. Nxh6 Rxb2+ 30. Ka1 Rxc2 31. Qf3 Rbb2 32. Rxg6+ fxg6
33. Ng8+ Kg7 34. Rh7+ Kxg8 35. Rh8+ Kxh8 {#R} 0-1

[Event "22nd Hampstead: Under 2200"]
[Site "London, England"]
[Date "2014.10.26"]
[Round "5"]
[White "Grundy, Thomas"]
[Black "Parry, Jacques"]
[Result "0-1"]
[WhiteElo "1806"]
[BlackElo "1751"]

1. d4 d5 2. c4 e6 3. Nc3 c6 4. e3 Nf6 5. Nf3 Nbd7 6. Bd3 dxc4 7. Bxc4 b5 8.
Bd3 Bb7 9. e4 a6 10. e5 Nd5 11. Nxd5 cxd5 12. Ng5 Bb4+ 13. Kf1 Nf8 14. Qh5 Qd7
15. f4 Ng6 16. Nxe6 Qxe6 17. f5 Qb6 18. fxg6 fxg6 19. Qh4 Be7 20. Bg5 O-O+ 21.
Ke2 Bxg5 22. Qxg5 Qxd4 23. Rhf1 Qxb2+ 24. Qd2 Qxe5+ {#R} 0-1

[Event "22nd Hampstead: Under 2200"]
[Site "London, England"]
[Date "2014.10.26"]
[Round "5"]
[White "Bonafont, Philip R"]
[Black "Pollack, Oscar"]
[Result "1-0"]
[WhiteElo "2030"]
[BlackElo "1774"]

1. d4 Nf6 2. Nf3 g6 3. c4 Bg7 4. Nc3 O-O 5. e4 d6 6. Be2 e5 7. d5 Na6 8. Nd2
Nc5 9. b4 Ncd7 10. a4 a5 11. Ba3 Ne8 12. bxa5 Rxa5 13. Nb3 Ra8 14. c5 f5 15.
c6 bxc6 16. dxc6 Ndf6 17. Nd2 fxe4 18. Ndxe4 Nxe4 19. Nxe4 Nf6 20. Nxf6+ Qxf6
21. O-O Be6 22. Qc2 Qf7 23. Bb2 Kh8 24. a5 Rfb8 25. Bc3 Bf5 26. Bd3 d5 27. f3
d4 28. Bd2 Bxd3 29. Qxd3 Qd5 30. Rfc1 Rb3 31. Qc4 Qxc4 32. Rxc4 Rb2 33. Be1
Bh6 34. Bg3 Be3+ 35. Kf1 Rb5 36. a6 Kg7 37. Ke2 Kf6 38. a7 Ke6 39. Rc2 Kd5 40.
Be1 Rb3 41. Ra5+ Kd6 42. Rc4 Rb6 43. Bb4+ Ke6 44. Kd3 Kf5 45. g3 g5 46. Ra1
Rb5 47. Bd6 g4 48. fxg4+ Kxg4 49. Ke4 cxd6 50. Rc2 Rc5 51. Rxc5 dxc5 52. c7
Kh3 53. Rb1 Kxh2 54. Rb8 Rxa7 55. c8=Q Kxg3 56. Qf5 Bf4 57. Rb3+ Kf2 58. Qg4
Be3 59. Rb2+ {#r} 1-0

[Event "22nd Hampstead: Under 2200"]
[Site "London, England"]
[Date "2014.10.26"]
[Round "5"]
[White "Hayward, Alan"]
[Black "Chapman, Nigel"]
[Result "1-0"]
[WhiteElo "1973"]
[BlackElo "1769"]

1. d4 Nf6 2. Nc3 d5 3. Bg5 e6 4. e4 Be7 5. e5 Nfd7 6. h4 h6 7. Bxe7 Qxe7 8.
Nb5 Nf8 9. c4 Qb4+ 10. Qd2 Qxd2+ 11. Kxd2 Kd8 12. Rc1 a6 13. Nc3 dxc4 14. Bxc4
b5 15. Be2 Bb7 16. Bf3 Bxf3 17. Nxf3 c6 18. Ne4 Ra7 19. Nd6 Re7 20. Ke2 Nfd7
21. Nd2 Nb6 22. Rc2 Rd7 23. N2e4 Ke7 24. Rh3 Rf8 25. Rg3 g6 26. Nc5 Rxd6 27.
exd6+ Kxd6 28. Rf3 Nd5 29. a3 Ke7 30. b4 Nb6 31. g4 Rd8 32. Rd3 Nd5 33. Kf3
Kd6 34. Nb7+ {#r} 1-0

[Event "22nd Hampstead: Under 2200"]
[Site "London, England"]
[Date "2014.10.26"]
[Round "5"]
[White "Bedi, Adam"]
[Black "Woltery, Nicolai"]
[Result "1-0"]
[WhiteElo "1916"]
[BlackElo "1755"]

1. d4 d5 2. Nf3 Nf6 3. c4 c6 4. Nc3 dxc4 5. e4 Bg4 6. Bxc4 e6 7. Be3 Bb4 8.
Qc2 O-O 9. a3 Bxc3+ 10. bxc3 Nbd7 11. Be2 Re8 12. e5 Nd5 13. Bg5 Qa5 14. Bd2
Bf5 15. Bd3 Bxd3 16. Qxd3 Qc7 17. Ng5 Nf8 18. c4 Nb6 19. Bb4 Nbd7 20. Ne4 a5
21. Bd2 h6 22. Nd6 Red8 23. Qf3 Nb6 24. Rb1 Ra7 25. Be3 Nc8 26. d5 Nxd6 27.
exd6 Qxd6 28. Bxa7 cxd5 29. O-O Qa6 30. Be3 dxc4 31. Rxb7 Rd7 32. Rxd7 Nxd7
33. Qg3 e5 34. Rd1 Qe6 35. Qh3 Qxh3 36. gxh3 Nf6 37. Rc1 Nd5 38. Rxc4 Nxe3 39.
fxe3 f6 40. Ra4 Kf7 41. Rxa5 g5 42. Rc5 Kg6 43. a4 Kh5 44. a5 Kh4 45. a6 Kxh3
46. a7 Kg4 47. a8=Q f5 48. Qg2+ Kh5 49. Qh3+ Kg6 50. Rc6+ Kg7 {#r} 1-0

[Event "22nd Hampstead: Under 2200"]
[Site "London, England"]
[Date "2014.10.26"]
[Round "5"]
[White "Giles, Yasmin"]
[Black "Klingher, Dominic"]
[Result "0-1"]
[WhiteElo "1888"]
[BlackElo "1762"]

1. e4 e6 2. d4 d5 3. e5 c5 4. c3 Nc6 5. Nf3 Qb6 6. a3 Nh6 7. b4 cxd4 8. cxd4
Nf5 9. Be3 Bd7 10. Be2 Rc8 11. O-O Be7 12. Qd3 O-O 13. Nc3 f6 14. Rfc1 fxe5
15. dxe5 Qd8 16. Nb5 Nh4 17. Nbd4 Nxf3+ 18. Nxf3 Be8 19. b5 Bg6 20. Qd2 Nb8
21. Bxa7 Rxc1+ 22. Qxc1 Qa5 23. Qe3 Nd7 24. Bd4 b6 25. Ng5 Nc5 26. Nf3 Qa4 27.
h4 Nb3 28. Re1 Rxf3 29. Bxf3 Nxd4 30. Rc1 Bc5 31. Qg5 Qxa3 32. Qd8+ Bf8 33.
Rc8 Nxf3+ 34. gxf3 Qxf3 35. Qg5 Be4 36. Kh2 Qxf2+ {#R} 0-1

[Event "22nd Hampstead: Under 2200"]
[Site "London, England"]
[Date "2014.10.26"]
[Round "5"]
[White "Paveliuc, Alin-Dumitru"]
[Black "Grey, Nicholas D"]
[Result "0-1"]
[WhiteElo "1878"]
[BlackElo "1751"]

1. d4 Nf6 2. c4 c5 3. d5 b5 4. cxb5 a6 5. bxa6 Bxa6 6. Nc3 d6 7. e4 Bxf1 8.
Kxf1 g6 9. g3 Bg7 10. Nge2 Nbd7 11. h4 h5 12. Kg2 O-O 13. f4 Ng4 14. f5 Nde5
15. Nf4 Qb6 16. Rf1 Nc4 17. Qe2 Nce5 18. a4 Rfb8 19. fxg6 fxg6 20. Ne6 Bf6 21.
Nb5 c4 22. Kh3 Nd3 23. Rxf6 exf6 24. Bf4 Rxa4 25. Be3 Rxa1 26. Bxb6 Rh1+ 27.
Kg2 Rh2+ {#R} 0-1

[Event "22nd Hampstead: Under 2200"]
[Site "London, England"]
[Date "2014.10.26"]
[Round "5"]
[White "Huang, Dion"]
[Black "Jain, Gautam"]
[Result "1/2-1/2"]
[WhiteElo "1844"]
[BlackElo "1735"]

1. d4 g6 2. Nf3 Nf6 3. Bg5 Bg7 4. e3 d6 5. Bd3 O-O 6. O-O Nc6 7. c3 Qe8 8.
Nbd2 e5 9. dxe5 dxe5 10. Be2 Be6 11. Qc2 Bf5 12. e4 Be6 13. Bc4 Nh5 14. Be3
Na5 15. Bxe6 Qxe6 16. b4 Nc4 17. Nxc4 Qxc4 18. Nd2 Qe6 19. Qb3 Qxb3 20. Nxb3
Rfd8 21. Rad1 Nf4 22. Bxf4 exf4 23. Nd4 Rd7 24. Ne2 Rad8 25. Rxd7 Rxd7 26.
Nxf4 Bxc3 27. Nd5 Bg7 28. b5 c6 29. bxc6 bxc6 30. Nb4 Rd2 31. Nxc6 Rxa2 32. g3
a6 33. Rd1 Ra1 34. Rxa1 Bxa1 35. Kf1 f6 36. Ke2 Kf7 37. Kd3 Ke6 38. Kc4 Kd6
39. Nb4 a5 40. Nc2 {#d} 1/2-1/2

[Event "22nd Hampstead: Under 2200"]
[Site "London, England"]
[Date "2014.10.26"]
[Round "5"]
[White "Vir, Prashast"]
[Black "Clayton, Tristan"]
[Result "1-0"]
[WhiteElo "1740"]
[BlackElo "1836"]

1. e4 c6 2. d4 d5 3. Nc3 dxe4 4. Nxe4 Bf5 5. Ng3 Bg6 6. Nf3 Nd7 7. h4 h6 8. h5
Bh7 9. Bd3 Bxd3 10. Qxd3 e6 11. Bd2 Ngf6 12. c4 Bd6 13. Ne4 Nxe4 14. Qxe4 Nf6
15. Qc2 Qc7 16. O-O-O Bf4 17. g3 Bxd2+ 18. Rxd2 O-O 19. Ne5 c5 20. f4 cxd4 21.
Rxd4 Rad8 22. Rxd8 Rxd8 23. Kb1 Qa5 24. g4 Rd2 25. Qb3 Nxg4 26. Nxg4 Qf5+ 27.
Kc1 Qxg4 28. Qe3 Qe2 29. Qxd2 {#r} 1-0

[Event "22nd Hampstead: Under 2200"]
[Site "London, England"]
[Date "2014.10.26"]
[Round "5"]
[White "Anbukumar, Hajane"]
[Black "Ngulube, Michael"]
[Result "0-1"]
[WhiteElo "1833"]
[BlackElo "1660"]

1. c4 c5 2. Nc3 Nc6 3. g3 g6 4. e4 Bg7 5. Bg2 e5 6. Nge2 Nge7 7. d3 O-O 8. O-O
d6 9. Bg5 f6 10. Be3 a6 11. h3 Rb8 12. a4 Be6 13. f4 exf4 14. Nxf4 Qd7 15.
Nxe6 Qxe6 16. Qd2 Ne5 17. Rae1 b6 18. Nd5 Nxd5 19. exd5 Qd7 20. Qc2 b5 21.
axb5 axb5 22. b3 bxc4 23. dxc4 Rb6 24. Ra1 Rfb8 25. Ra3 Qb7 26. Rb1 f5 27. Bf4
Rb4 28. Bf1 Nf3+ 29. Kf2 Nd4 30. Qa2 Qe7 31. Bd3 g5 32. Bd2 R4b7 33. Re1 Qf6
34. Bc3 f4 35. Kg2 fxg3 36. Bxd4 Qxd4 37. Qc2 Be5 38. Bf5 Rxb3 39. Be6+ Kh8
40. Ra7 Bg7 41. Qxb3 Qf2+ 42. Kh1 Qh2# 0-1

[Event "22nd Hampstead: Under 2200"]
[Site "London, England"]
[Date "2014.10.26"]
[Round "5"]
[White "Rubeck, Jonathan"]
[Black "Willmoth, Harrison"]
[Result "1-0"]
[WhiteElo "1800"]
[BlackElo "1570"]

1. e4 e6 2. d4 d5 3. e5 c5 4. Nf3 Nc6 5. Bd3 Qb6 6. a3 cxd4 7. O-O Nh6 8. b4
Qc7 9. Re1 Nf5 10. Nbd2 Be7 11. Nf1 O-O 12. b5 Na5 13. Bxf5 exf5 14. Nxd4 Nc4
15. Nf3 Be6 16. Ng3 Rac8 17. Qe2 Qb6 18. a4 Rfd8 19. Bg5 Bxg5 20. Nxg5 h6 21.
Nf3 Rd7 22. Qd3 Nb2 23. Qd2 Rdc7 24. Nd4 Rc4 25. Ngxf5 Bxf5 26. Nxf5 Rxc2 27.
Ne7+ Kh8 28. Nxc8 Rxd2 29. Nxb6 axb6 30. Ra2 d4 31. Rb1 Nc4 32. Rxd2 Nxd2 33.
Rd1 Nb3 34. Rd3 Na5 35. Rxd4 Nb3 36. Rd6 Nc5 37. Rxb6 Nxa4 38. Rxb7 Nc5 39.
Rxf7 Nd3 40. Rf8+ Kh7 41. e6 Nc5 42. e7 Nd7 43. Rd8 Ne5 44. e8=Q Nc4 45. Qe4+
g6 46. Qe7# 1-0

[Event "22nd Hampstead: Under 2200"]
[Site "London, England"]
[Date "2014.10.26"]
[Round "5"]
[White "Jacob, Sydney J"]
[Black "Gelain-Sohn, Emmanuelle"]
[Result "1-0"]
[WhiteElo "1885"]
[BlackElo "1285"]

1. c4 c5 2. g3 Nc6 3. Bg2 g6 4. Nc3 Bg7 5. e3 f5 6. Nge2 Nf6 7. O-O O-O 8. d4
cxd4 9. exd4 d6 10. Bg5 Qb6 11. Qd2 e5 12. Rad1 Qb4 13. a3 Qa5 14. b4 Qxa3 15.
Ra1 Qxb4 16. Rfb1 Qxc4 17. Bxf6 e4 18. Bxg7 Kxg7 19. d5 Nb4 20. Qd4+ Qxd4 21.
Nxd4 Nd3 22. Ncb5 a6 23. Nc7 Rb8 24. Nce6+ Bxe6 25. Nxe6+ Kf7 26. Nxf8 Kxf8
27. Rxa6 bxa6 28. Rxb8+ Kg7 29. Rb6 Ne5 30. Rxd6 Ng4 31. Rxa6 e3 32. fxe3 Nxe3
33. Re6 Nxg2 34. Kxg2 g5 35. d6 f4 36. d7 fxg3 37. d8=Q gxh2 38. Qd7+ Kf8 39.
Re8# 1-0